000 00587nam a2200217Ia 4500
003 OSt
005 20220928144736.0
006 a|||||r|||| 00| 0
007 ta
008 220927b |||||||| |||| 00| 0 eng d
024 _a73461
037 _cTextual
040 _aSDCL
_cSDCL
_beng
041 _2eng
_aeng
082 _aBx, M1
100 _aDauben Joseph W Ed.
_9509386
245 0 _aMathematical perspectives
_b Eassays on mathematics and its historical development.
260 _c1981
942 _hBx, M1
_cTEXL
_2CC
999 _c829362
_d829362